000
00307nam a22001457a 4500
008
210511b ||||| |||| 00| 0 eng d
020
_a
9780060006921
041
_a
eng
080
_a
101
082
_a
101
100
_a
24
101
_a
FIL
245
_a
The Great Mortality
_c
Kelly,J
942
_2
udc
_c
BK
999
_c
57218
_d
57218